| 000 | 00937nam a2200253 a 4500 | ||
|---|---|---|---|
| 001 | BRL_1915 | ||
| 005 | 20190320211431.0 | ||
| 008 | 170815m19751979mx-o######---#000-0#spa-# | ||
| 041 | _aspa | ||
| 044 | _amx | ||
| 050 | 4 |
_aF1221.L2 _b.B78 1975 |
|
| 100 | 1 |
_aBruce S., Roberto D. _9620 |
|
| 245 | 1 | 0 |
_aLacandon dream symbolism _bdream symbolism and interpretation among the Lacandon Mayas of Chiapas, Mexico _cRobert D. Bruce. |
| 260 |
_aMéxico _bEdiciones Euroamericanas _c1975-79 |
||
| 300 |
_a2 v. _bil. _c23 cm. |
||
| 500 | _av.1 Au2026, v.2 Au2027 | ||
| 504 | _aBibliografía: v.1, p. 125-129; v.2, p. 357-361. | ||
| 505 | 0 | _aContenido: v. 1. Dream symbolism and interpretation - v. 2. Dictionary, index and classifications of dream symbols | |
| 650 | 1 | 4 |
_aLacandones _xReligión _928224 |
| 650 | 1 | 4 |
_aLacandones _xPsicología _928225 |
| 650 | 1 | 4 |
_aLacandones _xVida social y costumbres _927933 |
| 902 | _aGRL | ||
| 942 |
_2lcc _cB |
||
| 999 |
_c10723 _d10723 |
||